Marketing ako východisko efektívnej výrobkovej politiky : Diplomová práca

Guardado en:
Detalles Bibliográficos
Autor principal: Švecová, Karolína (Autor)
Otros Autores: Jedlička, Milan, 1947- (xxx)
Formato: Manuscrito Libro
Lenguaje:eslovaco
Publicado: Trnava : STU v Bratislave MtF KPIM, 2005
Materias:
Etiquetas: Agregar Etiqueta
Sin Etiquetas, Sea el primero en etiquetar este registro!

MARC

LEADER 00000ntm a22000003a 4500
001 stu94643
005 20160719154527.2
008 050621s2005----xo------------------slo-d
040 |a STU  |b slo 
041 0 |a slo 
044 |a xo 
100 1 |a Švecová, Karolína  |4 aut 
245 1 |a Marketing ako východisko efektívnej výrobkovej politiky :  |b Diplomová práca 
260 |a Trnava :  |b STU v Bratislave MtF KPIM,  |c 2005 
300 |a 73 s  |c 1 CD 
650 7 |a priemyselné inžinierstvo a manažment  |2 stusub 
650 7 |a marketing  |2 estusub 
700 1 |a Jedlička, Milan,  |d 1947-  |4 xxx  |u M190  |U MTF Materiálovotechnologická fakulta  |T MTF Katedra priemyselného inžinierstva a manažmentu  |X 1488  |U M190  |Y 167  |7 A000001488 
996 |b 284M052243  |c M*DP-5752  |l MMSKP  |s P  |a 0  |w stu94643_0001